God in control : (Record no. 2086)

MARC details
000 -LEADER
fixed length control field 00767nam a2200253Ia 4500
001 - CONTROL NUMBER
control field 16392
003 - CONTROL NUMBER IDENTIFIER
control field GBCCL
005 - DATE AND TIME OF LATEST TRANSACTION
control field 20241126110417.0
008 - FIXED-LENGTH DATA ELEMENTS--GENERAL INFORMATION
fixed length control field 820219s1980 enkab b 000 0 eng d
020 ## - INTERNATIONAL STANDARD BOOK NUMBER
International Standard Book Number 0854790268
035 ## - SYSTEM CONTROL NUMBER
System control number (OCoLC)08172865
040 ## - CATALOGING SOURCE
Original cataloging agency IGR
Transcribing agency IGR
Modifying agency LBB
049 ## -
-- LBBK
082 ## - DEWEY DECIMAL CLASSIFICATION NUMBER
Classification number 224.506
Item number GUR
092 0# - LOCALLY ASSIGNED DEWEY CALL NUMBER (OCLC)
Item number G981, 1980
Edition number 20
100 1# - MAIN ENTRY--PERSONAL NAME
Personal name Gurney, Robert M.
9 (RLIN) 4285
245 10 - TITLE STATEMENT
Title God in control :
Remainder of title an exposition of the prophecies of Daniel /
Statement of responsibility, etc. Robert M. Gurney.
260 ## - PUBLICATION, DISTRIBUTION, ETC.
Place of publication, distribution, etc. West Sussex, England :
Name of publisher, distributor, etc. H.E. Walter,
Date of publication, distribution, etc. c1980.
300 ## - PHYSICAL DESCRIPTION
Extent xiii, 196 p. :
Other physical details ill., maps ;
Dimensions 22 cm.
500 ## - GENERAL NOTE
General note Errata slip inserted.
504 ## - BIBLIOGRAPHY, ETC. NOTE
Bibliography, etc. note Includes bibliographical references.
630 00 - SUBJECT ADDED ENTRY--UNIFORM TITLE
Uniform title Bible.
Name of part/section of a work O.T.
-- Daniel
General subdivision Prophecies.
9 (RLIN) 4286
942 ## - ADDED ENTRY ELEMENTS (KOHA)
Source of classification or shelving scheme Dewey Decimal Classification
Koha item type Books
Koha issues (borrowed), all copies 22
Holdings
Withdrawn status Lost status Source of classification or shelving scheme Damaged status Not for loan Home library Current Library Shelving location Date acquired Total checkouts Total renewals Full call number Barcode Date last seen Date last checked out Copy number Price effective from Koha item type
    Dewey Decimal Classification     GRACE BIBLE COLLEGE GRACE BIBLE COLLEGE Biblical Studies 2017-06-30 22 7 224.506 GUR 003051 2025-05-01 2024-09-11 c.1 2017-06-30 Books
© Grace Bible College Library 2025